000 00471nam a2200229Ia 4500
003 IT-RoPAU
008 120407s9999 xx 000 0 und d
040 _aIT-RoPAU
040 _cIT-RoPAU
041 _aita
100 _aHenry Sienkiewicz
245 _aI Cavalieri Teutonici
250 _aCatania
260 _aEdizioni Paoline
260 _c1970
300 _b21
300 _c961 cm
490 _aI capolavori
490 _v1
942 _cBK
999 _c168
_d168